000 00651nam a22001937a 4500
005 20100820162458.0
010 _aENG-101079
020 _c80.00
035 _aEN-84612
037 _bDBAD/PUB
082 _a239.1
245 _aThus spake Kirpal :
_bexperts from talks of master Kirpal Singh /
260 _aIndore
_bKirpal Sewashram
_c2007
270 _aPlot 5-A, Scheme 71-C
_bIndore
_e452009
300 _a206p.
_c22cm (pbk)
650 _aSatsang
_916734
942 _2ddc
_cEN
_h239.1
_mTHU
999 _c42791
_d42791